| 000 | 00356 a2200157 4500 | ||
|---|---|---|---|
| 001 | 44664 | ||
| 020 | _a9788572086271 | ||
| 040 | _cAnchieta - Aquarius | ||
| 100 | _aGuimarães, Telma | ||
| 240 | 1 | 0 |
_aDo jeito que você é _lpor |
| 245 | 1 | 0 | _aDo jeito que você é |
| 300 | _a21 | ||
| 362 | 0 | _a2009 | |
| 650 | 4 | _aLiteratura infanto-juvenil | |
| 942 | _cBK | ||
| 999 |
_c44664 _d44664 |
||